000 00451nam a22001937a 4500
003 MPLRDC
005 20220104142431.0
008 210129b ||||| |||| 00| 0 eng d
020 _a957-583-539-5
082 _a848.4 ZAL-17
100 _a余斌著
245 _a张爱玲传
_c
250 _a初版
260 _a
_b晨星出版社
_c1997
300 _b
490 _a晨星文库;74
650 _a现代别集
942 _cBK
_o848.4 ZAL-17
999 _c30873
_d30863